[Event "Krefeld Christmas op"]
[Site "Krefeld"]
[Date "2024.12.30"]
[Round "7"]
[White "Schelhorn, Paul"]
[Black "Rades, Andreas"]
[Result "1/2-1/2"]
[WhiteElo "1862"]
[BlackElo "1706"]
[PlyCount "82"]
[EventDate "2024.12.27"]
[EventType "swiss"]
[EventRounds "7"]
[EventCountry "GER"]
[SourceTitle "CB01_2025"]
[SourceDate "2025.01.01"]
[SourceVersion "1"]
[SourceVersionDate "2025.01.01"]
[SourceQuality "1"]

1. d4 c6 2. c4 d5 3. Nf3 Nf6 4. g3 Bf5 5. Bg2 e6 6. 0-0 Be7 7. Nc3 h6 8. Nd2 0-0 9. e4 dxe4 10. Ndxe4 Nxe4 11. Nxe4 Na6 12. Be3 Nc7 13. a3 Ne8 14. b4 Bxe4 15. Bxe4 Nd6 16. Bd3 Bf6 17. Rc1 Qe7 18. Qc2 Rfd8 19. Rfd1 Ne8 20. Rd2 Kh8 21. Be4 Nd6 22. Rcd1 Bg5 23. Bg2 Bf6 24. f4 g5 25. Rd3 Nf5 26. fxg5 hxg5 27. Bf2 Kg7 28. d5 cxd5 29. cxd5 e5 30. d6 Qd7 31. Qc7 Nd4 32. Bxb7 Qf5 33. Bxa8 Rxa8 34. d7 Rh8 35. Bxd4 exd4 36. Qxa7 Qe4 37. R1d2 Qe1+ 38. Kg2 Qe4+ 39. Kg1 Qe1+ 40. Kg2 Qe4+ 41. Rf3 g4 1/2-1/2

[Event "GER-chT Christmas U20"]
[Site "Playchess.com INT"]
[Date "2020.12.29"]
[Round "2.1"]
[White "Arndt, Magnus"]
[Black "Schelhorn, Paul"]
[Result "1-0"]
[WhiteElo "2282"]
[BlackElo "1730"]
[PlyCount "113"]
[EventDate "2020.12.29"]
[EventType "team-swiss (blitz)"]
[EventRounds "7"]
[EventCountry "GER"]
[SourceTitle "CBM 200 Extra"]
[Source "ChessBase"]
[SourceDate "2021.03.31"]
[SourceVersion "1"]
[SourceVersionDate "2021.03.31"]
[SourceQuality "1"]
[WhiteTeam "Kiel Doppelbauer"]
[BlackTeam "Heinsberg"]
[WhiteTeamCountry "GER"]
[BlackTeamCountry "GER"]

1. e4 d6 2. d4 g6 3. Nf3 Bg7 4. Bd3 Bg4 5. c3 c6 6. h3 Bxf3 7. Qxf3 Nd7 8. Nd2 Rc8 9. 0-0 Ngf6 10. Re1 0-0 11. e5 dxe5 12. dxe5 Nd5 13. Qg3 Qc7 14. Nf3 Rfe8 15. a3 Nc5 16. Bc2 Rcd8 17. c4 Nb6 18. Qh4 e6 19. Bg5 Rd7 20. Bf6 h6 21. Rad1 Rxd1 22. Rxd1 Ncd7 23. Bxg7 Kxg7 24. Qe4 Rd8 25. b4 a6 26. h4 c5 27. h5 cxb4 28. hxg6 b3 29. Bxb3 Nc5 30. Qc2 Rxd1+ 31. Qxd1 fxg6 32. Bc2 Nxc4 33. Bxg6 Nxe5 34. Nxe5 Qxe5 35. Bc2 b5 36. Qg4+ Qg5 37. Qd4+ Kf7 38. f4 Qd5 39. Qh8 a5 40. Qh7+ Ke8 41. Bg6+ Kd8 42. Qh8+ Kc7 43. Qxh6 Qd4+ 44. Kh2 Qf6 45. g3 b4 46. axb4 axb4 47. Qh7+ Kd6 48. Bb1 b3 49. Qa7 b2 50. Qb6+ Kd5 51. Ba2+ Kd4 52. Qxb2+ Ke3 53. Qxf6 Ne4 54. Qe5 Kf3 55. Bxe6 Nf2 56. Bd5+ Kg4 57. Qg5# 1-0

[Event "GER-chT Christmas U20"]
[Site "Playchess.com INT"]
[Date "2020.12.29"]
[Round "1.1"]
[White "Schelhorn, Paul"]
[Black "Bethke, Richard"]
[Result "1/2-1/2"]
[WhiteElo "1730"]
[BlackElo "2332"]
[PlyCount "67"]
[EventDate "2020.12.29"]
[EventType "team-swiss (blitz)"]
[EventRounds "7"]
[EventCountry "GER"]
[SourceTitle "CBM 200 Extra"]
[Source "ChessBase"]
[SourceDate "2021.03.31"]
[SourceVersion "1"]
[SourceVersionDate "2021.03.31"]
[SourceQuality "1"]
[WhiteTeam "Heinsberg"]
[BlackTeam "Neuberg"]
[WhiteTeamCountry "GER"]
[BlackTeamCountry "GER"]

1. Nf3 d5 2. d4 Nf6 3. c4 e6 4. Nc3 Be7 5. g3 0-0 6. Bg2 Nbd7 7. 0-0 c6 8. b3 b6 9. Re1 Ba6 10. Bb2 Rc8 11. Rc1 dxc4 12. e4 cxb3 13. axb3 Bb7 14. e5 Nd5 15. Nd2 c5 16. Qg4 cxd4 17. Nxd5 Bxd5 18. Rxc8 Qxc8 19. Bxd5 exd5 20. e6 Nf6 21. exf7+ Kxf7 22. Qxd4 Bc5 23. Qd3 Re8 24. Rxe8 Qxe8 25. Nf3 d4 26. b4 Bd6 27. Bxd4 Qe7 28. Ng5+ Ke8 29. Qb5+ Qd7 30. Qc4 Bf8 31. Bxf6 gxf6 32. Ne4 Qe7 33. Qc8+ Kf7 34. Qf5 1/2-1/2

[Event "GER-chT Christmas U20"]
[Site "Playchess.com INT"]
[Date "2020.12.29"]
[Round "7.1"]
[White "Schelhorn, Paul"]
[Black "Rietschel, Tilo"]
[Result "1-0"]
[WhiteElo "1730"]
[BlackElo "2066"]
[PlyCount "63"]
[EventDate "2020.12.29"]
[EventType "team-swiss (blitz)"]
[EventRounds "7"]
[EventCountry "GER"]
[SourceTitle "CBM 200 Extra"]
[Source "ChessBase"]
[SourceDate "2021.03.31"]
[SourceVersion "1"]
[SourceVersionDate "2021.03.31"]
[SourceQuality "1"]
[WhiteTeam "Heinsberg"]
[BlackTeam "Luebeck"]
[WhiteTeamCountry "GER"]
[BlackTeamCountry "GER"]

1. Nf3 Nf6 2. d4 g6 3. c4 Bg7 4. Nc3 0-0 5. g3 d6 6. Bg2 Nbd7 7. 0-0 c5 8. b3 a6 9. Bb2 Rb8 10. e4 b5 11. e5 Ne8 12. cxb5 axb5 13. dxc5 Nxc5 14. Nd4 Bd7 15. exd6 Nxd6 16. Nd5 Ne6 17. Re1 Nxd4 18. Nxe7+ Kh8 19. Bxd4 Nf5 20. Ba7 Nxe7 21. Bxb8 Qxb8 22. Rxe7 Be6 23. Rc1 Rd8 24. Qf3 Qe5 25. Rd1 Rc8 26. Bh3 Bxh3 27. Rxe5 Bxe5 28. g4 Rc3 29. Qxf7 Bd6 30. Qf6+ Kg8 31. Qxc3 Bxg4 32. Rxd6 1-0

[Event "GER-ch U25-B"]
[Site "Willingen"]
[Date "2018.05.25"]
[Round "8"]
[White "Schelhorn, Paul"]
[Black "Johlke, Lorenz"]
[Result "1/2-1/2"]
[WhiteElo "1752"]
[BlackElo "1456"]
[PlyCount "150"]
[EventDate "2018.05.19"]
[EventType "swiss"]
[EventRounds "9"]
[EventCountry "GER"]
[SourceTitle "CBM 184 Extra"]
[Source "ChessBase"]
[SourceDate "2018.06.28"]
[SourceVersion "1"]
[SourceVersionDate "2018.06.28"]
[SourceQuality "1"]

1. d4 d5 2. c4 dxc4 3. Nf3 Nf6 4. Nc3 Bg4 5. Ne5 Nbd7 6. Nxg4 Nxg4 7. e4 Ngf6 8. Bxc4 Nb6 9. Be2 e6 10. 0-0 Be7 11. Be3 0-0 12. Qc2 Qc8 13. Bd3 h6 14. Qe2 c5 15. Bc2 Rd8 16. e5 Nfd5 17. Qd3 f5 18. exf6 Nxf6 19. Qg6 Kf8 20. dxc5 Nbd5 21. Nxd5 Rxd5 22. Bb3 Rh5 23. Rac1 Qc7 24. g3 Qe5 25. Bf4 Qf5 26. Qxf5 Rxf5 27. Bxe6 Rxc5 28. Bh3 Rxc1 29. Rxc1 Nd5 30. Bd2 Nb4 31. Bxb4 Bxb4 32. Bg2 Bd6 33. Bxb7 Rb8 34. Rc8+ Rxc8 35. Bxc8 Be5 36. b3 Bd6 37. Kg2 Ke7 38. Ba6 Kf6 39. Kf3 g5 40. Kg4 Kg6 41. Bd3+ Kf6 42. h4 Bc5 43. f4 gxf4 44. Kxf4 Bd6+ 45. Kg4 h5+ 46. Kxh5 Bxg3 47. Kg4 Be1 48. h5 Bd2 49. Kf3 Ke5 50. Ke2 Bg5 51. a4 Kd4 52. Bc4 Ke4 53. Bf7 a5 54. Bg6+ Kd4 55. Kf3 Ke5 56. Kg3 Bd2 57. Kf2 Bg5 58. Kg3 Bd2 59. Kf3 Bg5 60. Kg4 Bd2 61. Kf3 Bg5 62. Be4 Bc1 63. b4 Bg5 64. h6 Bxh6 65. b5 Bf8 66. b6 Bd6 67. Ba8 Kd4 68. Be4 Kc5 69. b7 Kb6 70. Ke3 Ka7 71. Kd4 Kb8 72. Kc4 Bb4 73. Kb5 Be1 74. Ka6 Bd2 75. Kb6 Be1 1/2-1/2

[Event "GER-ch U25-B"]
[Site "Willingen"]
[Date "2018.05.23"]
[Round "6"]
[White "Kieselbach, Marvin"]
[Black "Schelhorn, Paul"]
[Result "1-0"]
[WhiteElo "1496"]
[BlackElo "1752"]
[PlyCount "87"]
[EventDate "2018.05.19"]
[EventType "swiss"]
[EventRounds "9"]
[EventCountry "GER"]
[SourceTitle "CBM 184 Extra"]
[Source "ChessBase"]
[SourceDate "2018.06.28"]
[SourceVersion "1"]
[SourceVersionDate "2018.06.28"]
[SourceQuality "1"]

1. d4 d5 2. e3 c5 3. Nf3 Nf6 4. c3 e6 5. Bd3 c4 6. Bc2 Bd7 7. 0-0 Bd6 8. Nbd2 a6 9. Ne5 Qc7 10. f4 Nc6 11. Rf3 b5 12. a3 Ne7 13. Rh3 Bc6 14. Qf3 g6 15. g4 Nd7 16. Rg3 f6 17. Nxd7 Kxd7 18. Rg2 e5 19. g5 fxg5 20. fxe5 Bxe5 21. Qg4+ Ke8 22. dxe5 d4 23. Be4 dxe3 24. Nf3 h5 25. Bxc6+ Qxc6 26. Qg3 Nf5 27. Qh3 e2 28. Bxg5 Qe4 29. Re1 Qd5 30. Rexe2 Rf8 31. Bf6 Qc5+ 32. Kh1 Rg8 33. Rxg6 Rxg6 34. Qxh5 Nh4 35. Bxh4 Qc6 36. Bf6 Kf7 37. Rg2 Rag8 38. Qh7+ R8g7 39. Bxg7 Rxg7 40. Qf5+ Ke8 41. Rxg7 Qd5 42. Qc8+ Qd8 43. Rg8+ Kf7 44. Qxd8 1-0